000 004510000a22001810004500
003 MACL
005 20151206150125.0
008 151206b xxu||||| |||| 00| 0 eng d
040 _aMACL
_cMACL
041 _aEnglish
082 _a741.642
100 _aIndurkhya, Narbada Prasad
_919505
245 _aEnglish Reader Part 2
260 _bNarmada Pustak Prakashan
350 _a20
650 _aChildrens Book
_97875
942 _cBK
_k741.642/IND
_2ddc
999 _c42194
_d42194